Монокристальные волокна и армированные ими материалы: пер. с англ.

Bibliographic Details
Other Authors: Туманов А. Т. (редактор)
Summary:Доп. тит. лист
Language:Russian
Published: Москва, Мир, 1973
Subjects:
Format: Book
KOHA link:https://koha.lib.tpu.ru/cgi-bin/koha/opac-detail.pl?biblionumber=56154

MARC

LEADER 00000nam0a2200000 4500
001 56154
005 20231031053148.0
035 |a (RuTPU)RU\TPU\book\58961 
090 |a 56154 
100 |a 20030925d1973 k y0rusy50 ca 
101 1 |a rus 
102 |a RU 
105 |a a z 001zy 
200 1 |a Монокристальные волокна и армированные ими материалы  |e пер. с англ.  |f Под ред. А. Т. Туманова 
210 |a Москва  |c Мир  |d 1973 
215 |a 464 с.  |c ил. 
300 |a Доп. тит. лист 
320 |a Список литературы: с.10, с. 440-459. 
320 |a Указатель монокристаллических материалов: с. 461. 
610 1 |a монокристаллы 
610 1 |a волокна 
610 1 |a армированные материалы 
610 1 |a кристаллы нитевидные 
610 1 |a композиционные материалы 
610 1 |a пар 
610 1 |a жидкость 
675 |a 620.22  |v 3 
702 1 |a Туманов  |b А. Т.  |4 340 
801 1 |a RU  |b 63413507  |c 20030925  |g PSBO 
801 2 |a RU  |b 63413507  |c 20070406  |g PSBO 
942 |c BK